El amor es un crimen
Bewaard in:
| Hoofdauteur: | |
|---|---|
| Formaat: | Boek |
| Taal: | Spaans |
| Gepubliceerd in: |
Santiago
Planeta
2005
|
| Editie: | 1a. ed |
| Reeks: | Autores Españoles e Iberoamericanos
|
| Onderwerpen: | |
| Tags: |
Voeg label toe
Geen labels, Wees de eerste die dit record labelt!
|
MARC
| LEADER | 00000nam a2200000 a 4500 | ||
|---|---|---|---|
| 001 | UCK7002 | ||
| 003 | CL-VaPUC | ||
| 008 | 051028e20050000CL |||||||||||||||||spa|d | ||
| 020 | |a 9562473775 | ||
| 082 | 0 | 4 | |a Ch863 |b DEL |2 21 |
| 100 | |a Délano, Poli |e autor |9 316203 | ||
| 245 | 1 | 3 | |a El amor es un crimen |
| 250 | |a 1a. ed | ||
| 300 | |a 160 p | ||
| 942 | |c BK | ||
| 945 | |d 20051028 00:00:00 |a cmena | ||
| 260 | |a Santiago |b Planeta |c 2005 | ||
| 650 | 0 | |a Novelas chilenas |9 265425 | |
| 650 | 0 | |a Literatura chilena |9 308278 | |
| 583 | |a last modification |c 20051028 00:00:00 |k Rodrigo Vera | ||
| 490 | 0 | |a Autores Españoles e Iberoamericanos | |
| 999 | |c 315096 |d 315094 | ||
| 952 | |0 0 |1 0 |4 0 |6 CH_863_000000000000000_DEL_2005 |7 0 |8 A |9 388011 |a FDOPOS |b FDOPOS |d 2019-11-22 |i 4177576 |o Ch863 DEL 2005 |p 4177576 |r 2025-01-22 |w 2019-11-22 |y BK |k MLH | ||